| 000 | 00915nam a22002895a 4500 | ||
|---|---|---|---|
| 001 | 14829893 | ||
| 005 | 20150127105251.0 | ||
| 008 | 070501s2008 mou 000 0 eng | ||
| 010 | _a 2007928089 | ||
| 020 | _a9780323047272 (softcover : alk. paper) | ||
| 040 |
_aDLC _cDLC |
||
| 050 |
_aRC 78 _b.F27 2009 |
||
| 100 | 1 | _aFauber, Terri L. | |
| 245 | 1 | 0 |
_aRadiographic imaging and exposure / _cTerri L. Fauber. |
| 250 | _a3rd ed. | ||
| 260 |
_aSt. Louis, MO : _bMosby, Inc., and affiliate of Elsevier Inc., _c2009. |
||
| 263 | _a0802 | ||
| 300 |
_a402 pages : _bcolored illustrations ; _c25 cm. |
||
| 521 | _aRadiologist | ||
| 650 |
_aRadiography, Medical _xExposure. |
||
| 650 |
_aRadiography, Medical _xImage quality. |
||
| 650 | _aRadiography. | ||
| 650 | _aRadiographic Image Enhancement. | ||
| 906 |
_a0 _bibc _corignew _d2 _eepcn _f20 _gy-gencatlg |
||
| 942 |
_2lcc _cBK |
||
| 999 |
_c278740 _d278740 |
||